Grotius and the Stoa.
Saved in:
| Other Authors: | , |
|---|---|
| Format: | Book |
| Language: | English |
| Published: |
Assen, Netherlands:
Royal van Gorcum,
2004.
|
| Subjects: | |
| Tags: |
Add Tag
No Tags, Be the first to tag this record!
|
MARC
| LEADER | 00000nam a22000007a 4500 | ||
|---|---|---|---|
| 003 | CL-VaPUC | ||
| 005 | 20220822114854.0 | ||
| 008 | 220810t2004 ||||| |||| 00| 0 eng d | ||
| 999 | |c 438230 |d 438228 | ||
| 020 | |a 9023240391 | ||
| 040 | |c Pontificia Universidad Católica de Valparaíso | ||
| 082 | |2 22 |a 188 BLO 2004 | ||
| 100 | |9 875308 |a Blom, Hans W. |e editor | ||
| 245 | |a Grotius and the Stoa. | ||
| 260 | |a Assen, Netherlands: |b Royal van Gorcum, |c 2004. | ||
| 300 | |a 329 páginas. | ||
| 500 | |a c.1 Donación Familia Prof. Alejandro Guzmán Brito. | ||
| 583 | |c 20220810 |k Yessy Sthefany Diaz Vidal | ||
| 600 | 0 | |9 393167 |a Grocio, Hugo |x Crítica e interpretación | |
| 650 | 0 | |9 866232 |a Filosofía estoica | |
| 650 | 0 | |9 874379 |a Estoicismo | |
| 700 | |9 875309 |a Winkel, Laurens C |e editor | ||
| 942 | |2 ddc |c BK |n 0 | ||
| 952 | |0 0 |1 0 |2 ddc |4 0 |6 188_000000000000000_BLO_2004 |7 1 |8 C_AGB |9 586110 |a BIBDER |b BIBDER |d 2022-08-10 |e Donación |i 5653954 |o 188 BLO 2004 |p 5653954 |r 2023-01-25 |t 1 |w 2022-08-10 |y BK_US |k AGB | ||